|
|
|
|
| LEADER |
00000nam2a2200000 4500 |
| 001 |
254558 |
| 005 |
20231101232940.0 |
| 010 |
|
|
|a 5211004841
|
| 020 |
|
|
|a RU
|b 89-70699
|
| 035 |
|
|
|a (RuTPU)RU\TPU\book\277040
|
| 035 |
|
|
|a RU\TPU\book\129631
|
| 090 |
|
|
|a 254558
|
| 100 |
|
|
|a 20140321g1988 k y0rusy5003 ca
|
| 101 |
0 |
|
|a rus
|
| 102 |
|
|
|a RU
|
| 105 |
|
|
|a a z 000zy
|
| 200 |
0 |
|
|a Ч. 1
|
| 210 |
|
|
|d 1988
|
| 215 |
|
|
|a 47 с.
|
| 225 |
1 |
|
|a Геология
|
| 461 |
|
1 |
|0 (RuTPU)RU\TPU\book\285168
|t Сульфидные включения в минералах из кимберлитов
|f В. К. Гаранин, А. Н. Крот, Г. П. Кудрявцева
|g Московский государственный университет им. М. В. Ломоносова (МГУ)
|v Ч. 1
|d 1988-
|
| 606 |
1 |
|
|a Кимберлиты
|x (петрография)
|2 stltpush
|3 (RuTPU)RU\TPU\subj\14339
|9 40749
|
| 610 |
1 |
|
|a сульфидные включения
|
| 610 |
1 |
|
|a минералы
|
| 610 |
1 |
|
|a алмаз
|
| 610 |
1 |
|
|a сульфиды
|
| 610 |
1 |
|
|a парагенезис
|
| 610 |
1 |
|
|a сульфидные минералы
|
| 675 |
|
|
|a 552.323
|v 3
|
| 801 |
|
0 |
|a RU
|b 63413507
|c 19950417
|g psbo
|
| 801 |
|
1 |
|a RU
|b 63413507
|c 20070730
|g PSBO
|
| 801 |
|
2 |
|a RU
|b 63413507
|c 20140530
|g PSBO
|
| 942 |
|
|
|c BK
|